Detalles MARC
| 000 -LEADER |
| fixed length control field |
02693cam a2200337 a 4500 |
| 003 - CONTROL NUMBER IDENTIFIER |
| control field |
OSt |
| 005 - DATE AND TIME OF LATEST TRANSACTION |
| control field |
20200911111134.0 |
| 008 - FIXED-LENGTH DATA ELEMENTS--GENERAL INFORMATION |
| fixed length control field |
090327s2008 ck abd r 000 0 spa d |
| 020 ## - INTERNATIONAL STANDARD BOOK NUMBER |
| International Standard Book Number |
9789587161786 |
| 040 ## - CATALOGING SOURCE |
| Original cataloging agency |
CO-BoPUJ |
| Transcribing agency |
CO-JMCR |
| 041 0# - LANGUAGE CODE |
| Language code of text/sound track or separate title |
spa |
| 082 04 - DEWEY DECIMAL CLASSIFICATION NUMBER |
| Classification number |
327.861087 |
| Item number |
A779v |
| Edition number |
23 |
| 100 1# - MAIN ENTRY--PERSONAL NAME |
| Personal name |
Arroyave Quintero, Mario Andres, |
| Relator term |
autor |
| 9 (RLIN) |
10158 |
| 245 10 - TITLE STATEMENT |
| Title |
Vecindario agitado : |
| Remainder of title |
Colombia y Venezuela : entre la hermandad y la conflictividad / |
| Statement of responsibility, etc. |
Mario Andrés Arroyave Quintero, Armando Holguín Sarria, Olga Lucía Illera Correal [y otros 7] ; editores Eduardo Fidel Pastrana Buelvas, Carsten Wieland y Juan Carlos Vargas Restrepo |
| 246 10 - VARYING FORM OF TITLE |
| Title proper/short title |
Colombia y Venezuela : entre la hermandad y la conflictividad |
| 250 ## - EDITION STATEMENT |
| Edition statement |
Primera edición |
| 260 ## - PUBLICATION, DISTRIBUTION, ETC. |
| Place of publication, distribution, etc. |
Bogotá : |
| Name of publisher, distributor, etc. |
Pontificia Universidad Javeriana : |
| -- |
Fundación Konrad Adenauer : |
| -- |
Universidad del Rosario : |
| -- |
Universidad Santiago de Cali : |
| -- |
Universidad Tecnológica de Bolívar, |
| Date of publication, distribution, etc. |
2008. |
| 300 ## - PHYSICAL DESCRIPTION |
| Extent |
270 páginas : |
| Other physical details |
ilustraciones, mapas y tablas ; |
| Dimensions |
24 cm. |
| 504 ## - BIBLIOGRAPHY, ETC. NOTE |
| Bibliography, etc. note |
Incluye referencias bibliográficas. |
| 505 0# - FORMATTED CONTENTS NOTE |
| Title |
Colombia y Venezuela en tres momentos : del panamericanismo al latinoamericanismo / |
| Statement of responsibility |
Armando Holguín Sarria y Marco Antonio Macana. -- |
| Title |
Colombia-Venezuela : la hiperinflación del ejecutivo / |
| Statement of responsibility |
Javier Sanín Fonnegra, S.J. -- |
| Miscellaneous information |
Las |
| Title |
relaciones civiles militares en Colombia y Venezuela : un reto para la democracia / |
| Statement of responsibility |
Olga Lucía Illera Correal. -- |
| Title |
Colombia-Venezuela : dos maneras de comprender la seguridad / |
| Statement of responsibility |
Olga Lucía Illera Correal y Juan Carlos Ruiz Vásquez. -- |
| Title |
Diferencias ideológicas y aumento del narcotráfico : la posición ambivalente de Venezuela / |
| Statement of responsibility |
Diego Fernando Tarapués Sandino. -- |
| Title |
Interdependencia comercial entre Colombia y Venezuela : tensiones y transformaciones con Uribe-Chávez / |
| Statement of responsibility |
Mario Andrés Arroyave Quintero. -- |
| Miscellaneous information |
El |
| Title |
liderazgo populista de Chávez, su discurso y las relaciones colombo-venezolanas / |
| Statement of responsibility |
Martha Lucía Márquez Restrepo. -- |
| Miscellaneous information |
¿ |
| Title |
Irreversibilidad de la degradación de las relaciones político-diplomáticas? / |
| Statement of responsibility |
Eduardo Fidel Pastrana Buelvas y Diego Felipe Vera Piñeros. |
| 650 24 - SUBJECT ADDED ENTRY--TOPICAL TERM |
| Topical term or geographic name entry element |
Diplomacia |
| Geographic subdivision |
Colombia |
| 9 (RLIN) |
10159 |
| 650 24 - SUBJECT ADDED ENTRY--TOPICAL TERM |
| Topical term or geographic name entry element |
Diplomacia |
| Geographic subdivision |
Venezuela |
| 9 (RLIN) |
10160 |
| 700 1# - ADDED ENTRY--PERSONAL NAME |
| Personal name |
Pastrana Buelvas, Eduardo Fidel |
| Dates associated with a name |
1961- |
| Relator term |
editor |
| 9 (RLIN) |
10161 |
| 700 1# - ADDED ENTRY--PERSONAL NAME |
| Personal name |
Wieland, Carsten |
| Relator term |
editor |
| 9 (RLIN) |
10162 |
| 700 1# - ADDED ENTRY--PERSONAL NAME |
| Personal name |
Vargas Restrepo, Juan Carlos |
| Relator term |
editor |
| 9 (RLIN) |
10163 |
| 700 1# - ADDED ENTRY--PERSONAL NAME |
| Personal name |
Arroyave Quintero, Mario Andrés |
| Relator term |
autor |
| 9 (RLIN) |
10164 |
| 700 1# - ADDED ENTRY--PERSONAL NAME |
| Personal name |
Holguín Sarria, Armando |
| Relator term |
autor |
| 9 (RLIN) |
10165 |
| 700 1# - ADDED ENTRY--PERSONAL NAME |
| Personal name |
Illera Correal, Olga Lucía |
| Relator term |
autora |
| 9 (RLIN) |
10166 |
| 710 2# - ADDED ENTRY--CORPORATE NAME |
| Corporate name or jurisdiction name as entry element |
Pontificia Universidad Javeriana |
| Subordinate unit |
Facultad de Ciencias Políticas y Relaciones Internacionales |
| 9 (RLIN) |
10167 |
| 942 ## - ADDED ENTRY ELEMENTS (KOHA) |
| Source of classification or shelving scheme |
Dewey Decimal Classification |
| Koha item type |
Books |